000
00244nam a2200097Ia 4500
001
1211445
005
20250827024436.0
008
250824s9999 xx 000 0 und d
245
0
_a
KIZLARIMA MEKTUPLAR
_c
EMRE KONGAR
260
_b
REMZİ KİTABEVİ
999
_c
1211445
_d
1211445